Clube da Tiara (Record no. 117689)

MARC details
000 -LÍDER
campo de controle de tamanho fixo 00825 a2200265 4500
001 - NÚMERO DE CONTROLE
campo de controle 117689
020 ## - ISBN - INTERNATIONAL STANDARD BOOK NUMBER
ISBN - International Standard Book Number 9788576792604
020 ## - ISBN - INTERNATIONAL STANDARD BOOK NUMBER
Informação qualificadora (broch.)
041 ## - CÓDIGO DE IDIOMA
Código do idioma do texto/trilha sonora ou título diferente por
082 ## - CDD - CLASSIFICAÇÃO DECIMAL DE DEWEY
Número de Classificação [Fic]
040 ## - FONTE DA CATALOGAÇÃO
Instituição da catalogação original BR-BrIDEA
Instituição que transcreveu o registro BR-BrIDEA
090 ## - NÚMERO DE CHAMADA LOCAL
Número de chamada (OCLC) (R); Número de chamada, CALL (RLIN) (NR) A Year 3 [Fic]
Número Cutter local (OCLC); Número de classificação do livro, CALL (RLIN) FRE
100 ## - ENTRADA PRINCIPAL--NOME PESSOAL
Nome pessoal French, Vivian
240 10 - TÍTULO UNIFORME
Título uniforme The Tiara Club in Princess Katie and the Silver Pony
250 ## - EDIÇÃO
Edição .ed.
245 10 - TÍTULO
Título Clube da Tiara
Restante do título Princesa Katie e o Pônei Prateado
Indicação de responsabilidade, etc. Vivian French ; ilustrações de Sarah Gibb ; tradução de Lilian Palhares
260 ## - PUBLICAÇÃO, DISTRIBUIÇÃO, ETC.
Local de publicação, distribuição, etc. Osasco, SP
Nome do editor, distribuidor, etc. Novo Século
Data da publicação, distribuição, etc. 2009
300 ## - DESCRIÇÃO FÍSICA
Extensão [88] p.
Material de acompanhamento ? 20.8 x 13.4 x 0.6 cm
490 ## - TÍTULO DA SÉRIE
Título da série Clube da Tiara
521 ## - NOTA DO PÚBLICO ALVO
Nota de público alvo Year 3
697 ## - ENTRADA DE ASSUNTO LOCAL--ENTIDADE COLETIVA (RLIN)
Nome corporativo ou nome da jurisdição Literatura infantojuvenil
700 ## - ENTRADA ADICIONADA - NOME PESSOAL
Nome pessoal Gibb, Sarah
Função do autor por extenso ilustrador
Nome pessoal Palhares, Lilian
Função do autor por extenso tradutor
856 ## - LOCALIZAÇÃO ELETRÔNICA E ACESSO
Uniform Resource Identifier <a href="00002c/00002c96.jpg">00002c/00002c96.jpg</a>
942 ## - ELEMENTOS DE ENTRADA ADICIONADOS (KOHA)
Tipo de material Koha Livros
Holdings
Situação do descarte Situação das perdas Fonte da classificação ou esquema de arquivamento na estante Situação física Não pode ser emprestado Biblioteca de origem Biblioteca atual Data de aquisição Total de empréstimos Número de chamada completo Código de barras Data de último acesso Data do último empréstimo Data do preço efetivo Tipo de material Koha
    Classificação Decimal de Dewey     ECB - ÁGUAS CLARAS ECB - ÁGUAS CLARAS 29/10/2021 7 A Year 3 [Fic] FRE 00055425AGC 18/06/2024 18/06/2024 23/01/2024 Livros